| 000 | 00678cab a2200217 4500 | ||
|---|---|---|---|
| 001 | WB3224-43 | ||
| 008 | 090401t1996 xxu||||| |||| 00| 0 eng d | ||
| 035 | _a(Sirsi) u34361 | ||
| 041 | _aeng | ||
| 245 | _aExtra grazing land | ||
| 260 | _c1996 | ||
| 350 | _a0 | ||
| 490 |
_aMAFF News Release _v(216/96) 19 June 1996, (2) |
||
| 520 | _aFrom 21 June farmer can graze their cattle aged over 30 months on set-aside land in order to ease the pressure on farmers awaiting slaughter of their cattle under the BSE eradication programme. | ||
| 650 | _aBSE | ||
| 650 | _aGRAZING | ||
| 650 | _aSET-ASIDE LAND | ||
| 690 | _aRURAL PRACTICE | ||
| 942 | _n0 | ||
| 948 | _c04/03/1997 | ||
| 999 |
_c22771 _d22771 |
||